00728nam a2200169 a 4500008004100000050002200041110008300063245004700146260003700193300001300230350000900243650002700252710004700279995009300326999001700419952012200436090521s1996 ||||||||||||||||| || u aGOV.ZAM(02)1996/9 aGovernment of the Republic of Zambia. Ministry of Local Government and Housing10aRepublic of Zambia national housing policy aLusakabGovernment Printerc1996 avi, 28p. a0.00 aHOUSING POLICY--ZAMBIA aGovernment of the Republic of Zambia (GRZ) D0.00FCBU-MAIN LIBRARY (Kitwe)H1I0.00M1UAVAILABLEWMay 21, 2009ZZambiana Collection c56281d56281 00102lcc4070a001b001cZambiana Collectiond2022-11-30l0oGOV.ZAM(02)1996/9p025234r2022-11-30w2022-11-30y002